Discurso leído en la Universidad de Salamanca en la inauguración del curso académico de 1893 a 94 por el Doctor Don Manuel Periáñez Crespo. (Record no. 161930)

MARC details
000 -LEADER
campo de control de longitud fija 00670nam a2200157 i 4500
001 - NÚMERO DE CONTROL
campo de control 161930
003 - IDENTIFICADOR DE NÚMERO DE CONTROL
campo de control ES-MaACL
005 - FECHA Y HORA DE LA ÚLTIMA TRANSACCIÓN
campo de control 20230906212403.0
008 - DATOS DE LONGITUD FIJA--INFORMACIÓN GENERAL
campo de control de longitud fija 990701s1893 sp |||| | spa d
040 ## - FUENTE DE CATALOGACIÓN
Centro catalogador/agencia de origen GA
Lengua de catalogación spa
Centro/agencia transcriptor CCPB | 3D
100 1# - ENTRADA PRINCIPAL--NOMBRE DE PERSONA
Nombre de persona Periáñez Crespo, Manuel.
9 (RLIN) 131029
245 10 - MENCIÓN DEL TÍTULO
Título Discurso leído en la Universidad de Salamanca en la inauguración del curso académico de 1893 a 94 por el Doctor Don Manuel Periáñez Crespo.
260 ## - PUBLICACIÓN, DISTRIBUCIÓN, ETC.
Lugar de publicación, distribución, etc. Salamanca :
Nombre del editor, distribuidor, etc. [s.n.],
Fecha de publicación, distribución, etc. 1893 (
Fabricante Establecimiento Tipográfico de Francisco Núñez)
300 ## - DESCRIPCIÓN FÍSICA
Extensión 92 p. ;
Dimensiones 31 cm.
852 ## - LOCALIZACIÓN
Ubicación ES-MaACL
Número de control de estantería T-657-F-8
Nota libre -- Enc. hol. conservando la cub. original
-- -- Enc. en un vol. facticio
Holdings
Estatus retirado Estado de pérdida Estado de daño No para préstamo Colección Biblioteca de origen Biblioteca actual Ubicación en estantería Fecha de adquisición Total de préstamos Signatura topográfica completa Código de barras Visto por última vez Precio de reemplazo Tipo de ítem Koha
        Colección de folletos Biblioteca del Ateneo de Madrid Biblioteca del Ateneo de Madrid Depósito folletos 17/01/2008   T-657-F-8 1169624 23/02/2023 23/02/2023 Folleto